| 000 | 01101nam a22002897a 4500 | ||
|---|---|---|---|
| 005 | 20090724135734.0 | ||
| 008 | 090608t xxu||||| |||| 00| j hin d | ||
| 010 | _aHIN-93371 | ||
| 020 |
_c200.00 _a8190244019 |
||
| 035 | _aHN-65717 | ||
| 037 | _bDBAD / PUB | ||
| 040 |
_aDPL _bHN |
||
| 082 | _a613.2 | ||
| 100 |
_91372 _aहरिओम |
||
| 245 |
_aमानव भोजन स्त्रोत एवं विधियाँ / _cहरिओम |
||
| 260 |
_aइलाहाबाद _bशक्ति प्रकाशन मंदिर _c2010 |
||
| 270 |
_a111 पुरा ठाकू कीटगंज _bइलाहाबाद _e211003 |
||
| 300 |
_a87पृ. _c22सेमी (सजिल्द) _bसचित्र |
||
| 650 | _91169 | ||
| 650 | _929837 | ||
| 700 | _929841 | ||
| 700 | _929924 | ||
| 700 | _929925 | ||
| 700 | _929926 | ||
| 942 |
_2ddc _cHN _mहरिओ _h613.2 |
||
| 999 |
_c54242 _d54242 |
||